| 000 | 00492nam a22001457a 4500 | ||
|---|---|---|---|
| 008 | 160602b xxu||||| |||| 00| 0 eng d | ||
| 020 | _a9966011498 | ||
| 050 | _aHF 5549.W334 2010 | ||
| 100 |
_aWachira, Florence N, _d2010. |
||
| 245 |
_aEssentials of human resources development: _bGoing Beyond Training |
||
| 260 |
_aKenya: _bFocus publishers, _c2010. |
||
| 300 |
_aviii,180p. _bincludes index, |
||
| 650 | _aHuman resource | ||
| 942 |
_2lcc _cSH_L_BOOKS _hHF 5549 .W334 2010 |
||
| 999 |
_c11170 _d11170 |
||